Perkampungan penulis-penulis Kedah '05 (Record no. 163434)
[ view plain ]
| 000 -LEADER | |
|---|---|
| fixed length control field | 00578njm a2200181 i 4500 |
| 001 - CONTROL NUMBER | |
| control field | C2-0264772 |
| 003 - CONTROL NUMBER IDENTIFIER | |
| control field | PPAK |
| 005 - DATE AND TIME OF LATEST TRANSACTION | |
| control field | 20180729152301.0 |
| 008 - FIXED-LENGTH DATA ELEMENTS--GENERAL INFORMATION | |
| fixed length control field | 050510s2005 my |||| ||||| | may d |
| 040 ## - CATALOGING SOURCE | |
| Original cataloging agency | PPAK |
| Language of cataloging | eng |
| Transcribing agency | PPAK |
| Description conventions | rda |
| 245 00 - TITLE STATEMENT | |
| Title | Perkampungan penulis-penulis Kedah '05 |
| 264 #1 - PRODUCTION, PUBLICATION, DISTRIBUTION, MANUFACTURE, AND COPYRIGHT NOTICE | |
| Place of production, publication, distribution, manufacture | Alor Setar, Kedah : |
| Name of producer, publisher, distributor, manufacturer | Perbadanan Perpustakaan Awam Kedah , |
| Date of production, publication, distribution, manufacture, or copyright notice | 2005 |
| 336 ## - CONTENT TYPE | |
| Source | rdacontent |
| Content type term | text |
| 337 ## - MEDIA TYPE | |
| Source | rdamedia |
| Media type term | unmediated |
| 338 ## - CARRIER TYPE | |
| Source | rdacarrier |
| Carrier type term | volume |
| 500 ## - GENERAL NOTE | |
| General note | Tiada transkripsi ; Dirakam pada 21-22/04/05 ; Rakaman di Hotel Grand Continental |
| 942 ## - ADDED ENTRY ELEMENTS (KOHA) | |
| -- | dc |
| Koha item type | Book |
| Withdrawn status | Lost status | Source of classification or shelving scheme | Damaged status | Not for loan | Current library | Shelving location | Date acquired | Full call number | Barcode | Date last seen | Koha item type |
|---|---|---|---|---|---|---|---|---|---|---|---|
| Dewey Decimal Classification | Not For Loan | Perpustakaan Alor Setar | Koleksi Kedah | 10/05/2005 | PK 569/05 ; PK 570/05 ; PK 571/05 ; PK 572/05 ; PK 573/05 ; PK 574/05 ; PK 575/05 ; PK 568/05 | A00157821 | 05/07/2018 | Cassette | |||
| Dewey Decimal Classification | Not For Loan | Perpustakaan Alor Setar | Koleksi Kedah | 10/05/2005 | PK 569/05 ; PK 570/05 ; PK 571/05 ; PK 572/05 ; PK 573/05 ; PK 574/05 ; PK 575/05 ; PK 568/05 | A00157822 | 05/07/2018 | Cassette | |||
| Dewey Decimal Classification | Not For Loan | Perpustakaan Alor Setar | Koleksi Kedah | 10/05/2005 | PK 569/05 ; PK 570/05 ; PK 571/05 ; PK 572/05 ; PK 573/05 ; PK 574/05 ; PK 575/05 ; PK 568/05 | A00157823 | 05/07/2018 | Cassette | |||
| Dewey Decimal Classification | Not For Loan | Perpustakaan Alor Setar | Koleksi Kedah | 10/05/2005 | PK 569/05 ; PK 570/05 ; PK 571/05 ; PK 572/05 ; PK 573/05 ; PK 574/05 ; PK 575/05 ; PK 568/05 | A00157824 | 05/07/2018 | Cassette | |||
| Dewey Decimal Classification | Not For Loan | Perpustakaan Alor Setar | Koleksi Kedah | 10/05/2005 | PK 569/05 ; PK 570/05 ; PK 571/05 ; PK 572/05 ; PK 573/05 ; PK 574/05 ; PK 575/05 ; PK 568/05 | A00157825 | 05/07/2018 | Cassette | |||
| Dewey Decimal Classification | Not For Loan | Perpustakaan Alor Setar | Koleksi Kedah | 10/05/2005 | PK 569/05 ; PK 570/05 ; PK 571/05 ; PK 572/05 ; PK 573/05 ; PK 574/05 ; PK 575/05 ; PK 568/05 | A00157826 | 05/07/2018 | Cassette | |||
| Dewey Decimal Classification | Not For Loan | Perpustakaan Alor Setar | Koleksi Kedah | 10/05/2005 | PK 569/05 ; PK 570/05 ; PK 571/05 ; PK 572/05 ; PK 573/05 ; PK 574/05 ; PK 575/05 ; PK 568/05 | A00157827 | 05/07/2018 | Cassette | |||
| Dewey Decimal Classification | Not For Loan | Perpustakaan Alor Setar | Koleksi Kedah | 10/05/2005 | PK 569/05 ; PK 570/05 ; PK 571/05 ; PK 572/05 ; PK 573/05 ; PK 574/05 ; PK 575/05 ; PK 568/05 | A00157828 | 05/07/2018 | Cassette |